000 00560nam a2200193Ia 4500
003 GCL
008 140319s9999 xx 000 0 ara d
040 _aGCL /
_cGCL
082 0 4 _aط
_b421.52
_bم ق
100 1 _aلوريس لبكى
245 1 0 _aقاموس ثمار الارض عربى - انجليزى /
_cلوريس لبكى
260 _a[S.N] :
_bمكتبة لبنان
490 _a
650 0 4 _aالاطفال
650 0 4 _aاللغة العربية
650 0 4 _aالمعاجم
650 0 4 _aاللغة الانجليزية
942 _2ddc
_cBK
999 _c33252
_d33252